|
|
|
|
| LEADER |
01755nam a2200265 4500 |
| 001 |
000023054 |
| 003 |
19503 |
| 005 |
20150812150815.0 |
| 008 |
150527s2008 sd |
| 100 |
1 |
|
|a Nguyễn Quang Vinh
|e Chủ biên
|
| 245 |
1 |
0 |
|a Phương pháp dạy học sinh học ở Trung học cơ sở
|c Nguyễn Quang Vinh (ch.b.), Cao Gia Nức, Trần Đăng Cát
|
| 250 |
|
|
|a Tái bản lần 1
|
| 260 |
|
|
|a H.
|b Đại học Sư phạm
|c 2008
|
| 774 |
|
|
|a Nguyễn Quang Vinh
|b Tái bản lần thứ 1
|d Đại học Sư phạm
|d H.
|d 2008
|g T.1
|h 229 tr.
|n ĐSTT ghi: Bộ giáo dục và đào tạo - Dự án đào tạo giáo viên THCS
|t Phương pháp dạy học sinh học ở Trung học cơ sở
|w 19504
|
| 774 |
|
|
|a Nguyễn Quang Vinh
|b Tái bản lần thứ 1
|d Đại học Sư phạm
|d H.
|d 2008
|g T.2
|h 171tr.
|n ĐSTT ghi: Bộ giáo dục và đào tạo - Dự án đào tạo giáo viên THCS
|t Phương pháp dạy học sinh học ở Trung học cơ sở
|w 19505
|
| 774 |
|
|
|a Nguyễn Quang Vinh
|b Tái bản lần thứ nhất
|d Đại học Sư phạm
|d H.
|d 2008
|g Tập 1
|h 227 tr.
|n ĐSTT ghi: Bộ giáo dục và đào tạo - Dự án đào tạo giáo viên THCS
|t Phương pháp dạy học sinh học ở Trung học cơ sở
|w 20527
|
| 774 |
|
|
|a Nguyễn Quang Vinh
|b Tái bản lần thứ nhất
|d Đại học Sư phạm
|d H.
|d 2008
|g Tập 2
|h 169 tr.
|n ĐSTT ghi: Bộ giáo dục và đào tạo - Dự án đào tạo giáo viên THCS
|t Phương pháp dạy học sinh học ở Trung học cơ sở
|w 20528
|
| OWN |
|
|
|a LSP
|
| 999 |
|
|
|a From the UDN01
|
| TYP |
|
|
|a Monograph
|
| TYP |
|
|
|a Printed language
|
| 980 |
|
|
|a Mạng thư viện Đại học Đà Nẵng
|